ბათუმის შოთა რუსთაველის სახელმწიფო უნივერსიტეტის ბიბლიოთეკა

Applied Molecular Biology / (ბიბ.ჩანაწერი № 63257)

000 -LEADER
fixed length control field 00750nam a22002057a 4500
005 - DATE AND TIME OF LATEST TRANSACTION
control field 20250708165426.0
008 - FIXED-LENGTH DATA ELEMENTS--GENERAL INFORMATION
fixed length control field 250708s2015 en ||||| |||| 00| 0 eng d
020 ## - INTERNATIONAL STANDARD BOOK NUMBER
International Standard Book Number 9789865663650 X
041 ## - LANGUAGE CODE
Language code of text/sound track or separate title eng
080 ## - UNIVERSAL DECIMAL CLASSIFICATION NUMBER
Universal Decimal Classification number 577.2 L-47
100 ## - MAIN ENTRY--PERSONAL NAME
Personal name Lee, Chao-Hung
9 (RLIN) 25630
245 ## - TITLE STATEMENT
Title Applied Molecular Biology /
Statement of responsibility, etc. Chao-Hung, Lee
250 ## - EDITION STATEMENT
Edition statement 2nd edition
264 ## - PRODUCTION, PUBLICATION, DISTRIBUTION, MANUFACTURE, AND COPYRIGHT NOTICE
Place of production, publication, distribution, manufacture Taiwan :
Name of producer, publisher, distributor, manufacturer Airiti press,
Date of production, publication, distribution, manufacture, or copyright notice 2015.
300 ## - PHYSICAL DESCRIPTION
Extent 543 pages :.
Other physical details 23 cm.
653 ## - INDEX TERM--UNCONTROLLED
keyword Applied Molecular Biology
653 ## - INDEX TERM--UNCONTROLLED
keyword Even though molecular biology has long been a basic tool in biomedical research, scientists still face the question of why certain
653 ## - INDEX TERM--UNCONTROLLED
keyword გამოყენებითი მოლეკულური ბიოლოგია
942 ## - ADDED ENTRY ELEMENTS (KOHA)
Source of classification or shelving scheme
Koha item type წიგნი
ეგზემპლარები
Withdrawn status Lost status Source of classification or shelving scheme Damaged status Not for loan Permanent Location Current Location Shelving location Date acquired Cost, normal purchase price Full call number Barcode Date last seen Copy number Price effective from Koha item type Public note
          ბათუმის შოთა რუსთაველის სახელმწიფო უნივერსიტეტის მთავარი ბიბლიოთეკა ბათუმის შოთა რუსთაველის სახელმწიფო უნივერსიტეტის მთავარი ბიბლიოთეკა წიგნსაცავი 2025-07-08 258.00 577.2 L-47 72080 2025-07-08 72080 2025-07-08 წიგნი 258.00
          ბათუმის შოთა რუსთაველის სახელმწიფო უნივერსიტეტის მთავარი ბიბლიოთეკა ბათუმის შოთა რუსთაველის სახელმწიფო უნივერსიტეტის მთავარი ბიბლიოთეკა წიგნსაცავი 2025-07-08 258.00 577.2 L-47 72081 2025-07-08 72081 2025-07-08 წიგნი 258.00
          ბათუმის შოთა რუსთაველის სახელმწიფო უნივერსიტეტის მთავარი ბიბლიოთეკა ბათუმის შოთა რუსთაველის სახელმწიფო უნივერსიტეტის მთავარი ბიბლიოთეკა წიგნსაცავი 2025-07-08 258.00 577.2 L-47 72082 2025-07-08 72082 2025-07-08 წიგნი 258.00